Participación política de la mujer: un reto ayer, hoy y siempre /
Guardado en:
| Hovedforfatter: | |
|---|---|
| Format: | Texto |
| Fag: | |
| Tags: |
Tilføj Tag
Ingen Tags, Vær først til at tagge denne postø!
|
MARC
| LEADER | 00000 a a2200000 04500 | ||
|---|---|---|---|
| 001 | 17198 | ||
| 003 | |||
| 040 | |||
| 100 | |a Picado Sotela, Sonia | ||
| 245 | |a Participación política de la mujer: |b un reto ayer, hoy y siempre / |c Sonia Picado Sotela | ||
| 650 | |a MOVIMIENTOS DE MUJERES | ||
| 650 | |a PARTICIPACION POLITICA | ||
| 650 | |a VOTACION | ||
| 773 | |g volumen 9, número 2; páginas 67-77 | ||
| 999 | |c 28185 |d 28185 | ||
